[Event "Bulgaria ch 2012"]
[Site "Panagyurishte BUL"]
[Date "2012.04.26"]
[Round "9.5"]
[White "Janev, Evgeni"]
[Black "Milchev, Nikolay"]
[Result "0-1"]
[WhiteElo "2484"]
[BlackElo "2421"]
[PlyCount "114"]
[EventDate "2012.04.18"]
[EventType "tourn"]
[EventRounds "11"]
[EventCountry "BUL"]
[EventCategory "11"]
[Source "lmi"]
[SourceDate "2012.04.18"]

1. e4 Nf6 2. e5 Nd5 3. d4 d6 4. c4 Nb6 5. exd6 exd6 6. Nc3 Be7 7. Be3 O-O 8.
Nf3 Bg4 9. h3 Bh5 10. Be2 Nc6 11. b3 f5 12. O-O f4 13. Bc1 Bf6 14. Bxf4 Bxf3
15. Bxf3 Bxd4 16. Bd2 Qh4 17. Kh1 Ne5 18. Bxb7 Rab8 19. f4 Nd3 20. Qf3 Nf2+ 21.
Rxf2 Qxf2 22. Bd5+ Kh8 23. Qxf2 Bxf2 24. Bc6 Rf7 25. Rf1 Bh4 26. g4 h6 27. Nb5
Re7 28. Bf3 Rbe8 29. Rd1 Bf2 30. Kg2 Bc5 31. Nxa7 Nxc4 32. bxc4 Bxa7 33. f5 Be3
34. Bc3 Bg5 35. Bd4 Re1 36. a4 Rxd1 37. Bxd1 Re4 38. Bf2 Rxc4 39. a5 Rc1 40.
Be2 Ra1 41. a6 Bf6 42. Kf3 Ra3+ 43. Kg2 Kg8 44. Ba7 c6 45. Bb8 Be7 46. h4 d5
47. Bg3 Kf7 48. Bf2 Ke8 49. Bd4 Bf6 50. Bf2 Kd7 51. h5 Kd6 52. Bb6 c5 53. Bb5
c4 54. Kf2 Ra2+ 55. Ke1 c3 56. Bd3 c2 57. Be3 Ra1+ 0-1

[Event "Bulgaria ch 2012"]
[Site "Panagyurishte BUL"]
[Date "2012.04.26"]
[Round "9.6"]
[White "Rusev, Krasimir"]
[Black "Nikolov, Momchil"]
[Result "1/2-1/2"]
[WhiteElo "2516"]
[BlackElo "2550"]
[PlyCount "38"]
[EventDate "2012.04.18"]
[EventType "tourn"]
[EventRounds "11"]
[EventCountry "BUL"]
[EventCategory "11"]
[Source "lmi"]
[SourceDate "2012.04.18"]

1. d4 Nf6 2. c4 e6 3. Nc3 Bb4 4. Qc2 O-O 5. a3 Bxc3+ 6. Qxc3 d5 7. Nf3 dxc4 8.
Qxc4 b6 9. Bg5 Ba6 10. Qa4 c5 11. dxc5 bxc5 12. Rd1 Qb6 13. Bxf6 gxf6 14. Rd2
Nc6 15. Qg4+ Kh8 16. Qh4 Kg7 17. Qg3+ Kh8 18. Qh4 Kg7 19. Qg4+ Kh8 1/2-1/2

[Event "Bulgaria ch 2012"]
[Site "Panagyurishte BUL"]
[Date "2012.04.27"]
[Round "10.1"]
[White "Cheparinov, Ivan"]
[Black "Nikolov, Momchil"]
[Result "1-0"]
[WhiteElo "2664"]
[BlackElo "2550"]
[PlyCount "117"]
[EventDate "2012.04.18"]
[EventType "tourn"]
[EventRounds "11"]
[EventCountry "BUL"]
[EventCategory "11"]
[Source "lmi"]
[SourceDate "2012.04.18"]

1. d4 Nf6 2. c4 e6 3. Nf3 b6 4. g3 Bb7 5. Bg2 Be7 6. Nc3 Ne4 7. Bd2 Bf6 8. O-O
O-O 9. Rc1 c5 10. dxc5 bxc5 11. Qb3 Qb6 12. Bf4 Nxc3 13. bxc3 Be4 14. Rfd1 d5
15. cxd5 exd5 16. Ne5 Bxg2 17. Kxg2 Qxb3 18. axb3 Rd8 19. Ng4 Be7 20. Ne3 d4
21. cxd4 cxd4 22. Nf5 Bf6 23. Nxd4 h6 24. Nf5 Nc6 25. Rxd8+ Nxd8 26. Rc4 Ne6
27. Bd6 a5 28. Ra4 Ra6 29. b4 Bd8 30. Be7 Bb6 31. Nd6 Bd8 32. Bxd8 Rxd6 33.
Bxa5 Rd2 34. e3 Rb2 35. h4 g5 36. hxg5 Nxg5 37. Bd8 Ne4 38. b5 Nc5 39. Rg4+ Kf8
40. Bf6 Rxb5 41. Bg7+ Ke7 42. Bxh6 Rb2 43. Rd4 Ne6 44. Rd5 Rc2 45. Bg5+ f6 46.
Bh4 Nc5 47. Rf5 Nd7 48. Rf4 Ke6 49. g4 Rc5 50. Kg3 Rb5 51. Re4+ Kf7 52. Rd4 Ke6
53. f4 Rb1 54. f5+ Ke7 55. Rxd7+ Kxd7 56. Bxf6 Rf1 57. e4 Kd6 58. e5+ Kd5 59.
e6 1-0

[Event "Bulgaria ch 2012"]
[Site "Panagyurishte BUL"]
[Date "2012.04.27"]
[Round "10.2"]
[White "Milchev, Nikolay"]
[Black "Rusev, Krasimir"]
[Result "0-1"]
[WhiteElo "2421"]
[BlackElo "2516"]
[PlyCount "70"]
[EventDate "2012.04.18"]
[EventType "tourn"]
[EventRounds "11"]
[EventCountry "BUL"]
[EventCategory "11"]
[Source "lmi"]
[SourceDate "2012.04.18"]

1. Nf3 Nf6 2. c4 e6 3. g3 d5 4. Bg2 dxc4 5. Na3 Bxa3 6. bxa3 b5 7. Ne5 Nd5 8.
d3 Qf6 9. f4 Nd7 10. dxc4 bxc4 11. Bxd5 exd5 12. Qxd5 Rb8 13. Qxc4 Nxe5 14.
fxe5 Qxe5 15. O-O O-O 16. Bf4 Qh5 17. Bxc7 Rb2 18. Rf2 Be6 19. Qd3 Re8 20. Bf4
h6 21. Rc1 Rxa2 22. Bd6 Rd8 23. Rd1 Bh3 24. Rf4 Re8 25. Rh4 Qa5 26. Rxh3 Rexe2
27. g4 Qb6+ 28. Kh1 Qb2 29. Qf3 Ra1 30. Qxe2 Qxe2 31. Rxa1 Qe4+ 32. Kg1 Qd4+
33. Kg2 Qb2+ 34. Kg3 Qxa1 35. Bb4 a5 0-1

[Event "Bulgaria ch 2012"]
[Site "Panagyurishte BUL"]
[Date "2012.04.27"]
[Round "10.4"]
[White "Enchev, Ivajlo"]
[Black "Spasov, Vasil"]
[Result "0-1"]
[WhiteElo "2432"]
[BlackElo "2571"]
[PlyCount "116"]
[EventDate "2012.04.18"]
[EventType "tourn"]
[EventRounds "11"]
[EventCountry "BUL"]
[EventCategory "11"]
[Source "lmi"]
[SourceDate "2012.04.18"]

1. d4 Nf6 2. c4 g6 3. Nc3 Bg7 4. e4 d6 5. f3 O-O 6. Be3 a6 7. Qd2 Nbd7 8. Nge2
c5 9. d5 b5 10. cxb5 Qa5 11. Ng3 Nb6 12. Be2 axb5 13. Nxb5 Bd7 14. Qxa5 Rxa5
15. Nc3 Na4 16. Nxa4 Rxa4 17. Bd2 Rfa8 18. a3 Ne8 19. Ra2 Nc7 20. Bd1 R4a6 21.
Be2 Rb6 22. Bc3 Bxc3+ 23. bxc3 Rb3 24. Kd2 Nb5 25. Bxb5 Bxb5 26. Rha1 Ra4 27.
Nf1 Bxf1 28. Rxf1 Rbxa3 29. Rxa3 Rxa3 30. Rc1 g5 31. Rc2 Kg7 32. Rb2 Kf6 33.
Kd3 h5 34. Kc4 h4 35. Kd3 Ra1 36. Ke3 Rh1 37. h3 Re1+ 38. Kd2 Ra1 39. Ke3 Ra3
40. Kd3 Ra7 41. Ke3 Ke5 42. Rc2 e6 43. dxe6 fxe6 44. Rb2 Ra3 45. Kd3 Ra4 46.
Ke3 Ra6 47. Rd2 Ra3 48. Rc2 c4 49. Kf2 Kf4 50. Rd2 Rxc3 51. Rxd6 Rc2+ 52. Kf1
e5 53. Rf6+ Ke3 54. Kg1 c3 55. Rc6 Kd4 56. Rd6+ Kc4 57. Rc6+ Kb4 58. Rb6+ Kc5
0-1

[Event "Bulgaria ch 2012"]
[Site "Panagyurishte BUL"]
[Date "2012.04.27"]
[Round "10.6"]
[White "Arnaudov, G. Petar"]
[Black "Marholev, Dimitar"]
[Result "1-0"]
[WhiteElo "2476"]
[BlackElo "2383"]
[PlyCount "109"]
[EventDate "2012.04.18"]
[EventType "tourn"]
[EventRounds "11"]
[EventCountry "BUL"]
[EventCategory "11"]
[Source "lmi"]
[SourceDate "2012.04.18"]

1. Nf3 Nf6 2. c4 c5 3. Nc3 b6 4. d4 cxd4 5. Nxd4 Bb7 6. f3 Nc6 7. e4 Nxd4 8.
Qxd4 d6 9. Be3 Nd7 10. Be2 e6 11. O-O a6 12. Rfd1 Rc8 13. Rac1 Qc7 14. Kh1 h5
15. b4 h4 16. h3 Be7 17. Qxg7 Bf6 18. Qg4 Be5 19. Bd4 Nf6 20. Qg5 Ke7 21. Qe3
Bxd4 22. Rxd4 Nh5 23. Rcd1 Rcd8 24. Kg1 e5 25. Nd5+ Bxd5 26. exd5 Ng3 27. Rg4
Kf8 28. Bd3 Rh5 29. Rg5 Rxg5 30. Qxg5 Qe7 31. Qe3 f5 32. Qxb6 e4 33. fxe4 fxe4
34. Re1 Re8 35. Qe3 Qf6 36. Be2 Kg7 37. a4 Nf5 38. Qf4 Ng3 39. Qxf6+ Kxf6 40.
c5 Nxe2+ 41. Rxe2 a5 42. cxd6 Ke5 43. d7 Rd8 44. b5 Rxd7 45. b6 Rb7 46. Rb2
Kxd5 47. Kf2 Kc6 48. Ke3 Rxb6 49. Rxb6+ Kxb6 50. Kxe4 Kc5 51. Kf3 Kb4 52. g4
hxg3 53. h4 Kxa4 54. h5 g2 55. Kxg2 1-0

[Event "Bulgaria ch 2012"]
[Site "Panagyurishte BUL"]
[Date "2012.04.28"]
[Round "11.1"]
[White "Marholev, Dimitar"]
[Black "Cheparinov, Ivan"]
[Result "0-1"]
[WhiteElo "2383"]
[BlackElo "2664"]
[PlyCount "56"]
[EventDate "2012.04.18"]
[EventType "tourn"]
[EventRounds "11"]
[EventCountry "BUL"]
[EventCategory "11"]
[Source "lmi"]
[SourceDate "2012.04.18"]

1. Nf3 Nf6 2. c4 g6 3. Nc3 Bg7 4. e4 d6 5. d4 O-O 6. h3 Na6 7. Be3 e5 8. dxe5
dxe5 9. a3 Qe8 10. c5 Qe7 11. b4 Rd8 12. Qc2 Nb8 13. Bc4 Nc6 14. Ng5 Nd4 15.
Qa2 Rf8 16. f4 Be6 17. Nxe6 Nxe6 18. f5 Nf4 19. g3 Rad8 20. Kf2 Bh6 21. Kf3
gxf5 22. gxf4 exf4 23. Rag1+ Kh8 24. Bxf4 fxe4+ 25. Ke3 Qe5 26. Ne2 Bxf4+ 27.
Nxf4 Qc3+ 28. Bd3 Qd4+ 0-1

[Event "Bulgaria ch 2012"]
[Site "Panagyurishte BUL"]
[Date "2012.04.28"]
[Round "11.2"]
[White "Radulski, Julian"]
[Black "Arnaudov, G. Petar"]
[Result "1-0"]
[WhiteElo "2552"]
[BlackElo "2476"]
[PlyCount "83"]
[EventDate "2012.04.18"]
[EventType "tourn"]
[EventRounds "11"]
[EventCountry "BUL"]
[EventCategory "11"]
[Source "lmi"]
[SourceDate "2012.04.18"]

1. e4 e5 2. Nf3 Nc6 3. Bb5 Nd4 4. Ba4 c6 5. O-O Qa5 6. Nxd4 Qxa4 7. Nf3 d6 8.
Nc3 Qa5 9. h3 Nf6 10. d4 Be7 11. Be3 O-O 12. Re1 b5 13. dxe5 dxe5 14. Nxe5 Bb7
15. Nd3 b4 16. e5 bxc3 17. b4 Qd5 18. exf6 Bxf6 19. Nc5 Bc8 20. Qxd5 cxd5 21.
Rad1 Bf5 22. Rxd5 Bxc2 23. Nd7 Be4 24. Rc5 c2 25. Nxf8 Kxf8 26. Rc1 Rd8 27.
R5xc2 Bxc2 28. Rxc2 Rd1+ 29. Kh2 Be5+ 30. g3 Bd4 31. Bf4 Rb1 32. Kg2 Ke7 33.
Re2+ Kf6 34. Re4 Bb6 35. a4 g5 36. Bd2 Kf5 37. Re7 Kf6 38. Re2 Bd4 39. Re4 Be5
40. g4 h6 41. b5 Rb3 42. Be3 1-0

[Event "Bulgaria ch 2012"]
[Site "Panagyurishte BUL"]
[Date "2012.04.28"]
[Round "11.3"]
[White "Spasov, Vasil"]
[Black "Petkov, Vladimir"]
[Result "1/2-1/2"]
[WhiteElo "2571"]
[BlackElo "2509"]
[PlyCount "80"]
[EventDate "2012.04.18"]
[EventType "tourn"]
[EventRounds "11"]
[EventCountry "BUL"]
[EventCategory "11"]
[Source "lmi"]
[SourceDate "2012.04.18"]

1. e4 e5 2. Nf3 Nf6 3. Nxe5 d6 4. Nf3 Nxe4 5. d3 Nf6 6. d4 d5 7. Bd3 Bd6 8. O-O
O-O 9. h3 h6 10. Nc3 c6 11. Ne2 Nbd7 12. Bf4 Bxf4 13. Nxf4 Re8 14. c3 Nf8 15.
Re1 Rxe1+ 16. Qxe1 Ne6 17. Nxe6 Bxe6 18. Rd1 Qd6 19. Rd2 Re8 20. Re2 Bd7 21.
Rxe8+ Nxe8 22. Qe5 Qxe5 23. Nxe5 Be6 24. h4 Nd6 25. g3 Bf5 26. Bxf5 Nxf5 27.
Nd3 h5 28. Kg2 g6 29. Kf3 Nd6 30. Kf4 Kf8 31. Ke3 Ke7 32. Kf3 Kf6 33. Kf4 Ke6
34. a4 a5 35. Nc5+ Ke7 36. Nd3 Kf6 37. Nc5 Ke7 38. Nd3 Kf6 39. Nc5 Ke7 40. Nd3
Kf6 1/2-1/2

[Event "Bulgaria ch 2012"]
[Site "Panagyurishte BUL"]
[Date "2012.04.28"]
[Round "11.4"]
[White "Janev, Evgeni"]
[Black "Enchev, Ivajlo"]
[Result "1/2-1/2"]
[WhiteElo "2484"]
[BlackElo "2432"]
[PlyCount "81"]
[EventDate "2012.04.18"]
[EventType "tourn"]
[EventRounds "11"]
[EventCountry "BUL"]
[EventCategory "11"]
[Source "lmi"]
[SourceDate "2012.04.18"]

1. e4 e5 2. Nf3 Nf6 3. Nxe5 d6 4. Nf3 Nxe4 5. Qe2 Qe7 6. d3 Nf6 7. Qxe7+ Bxe7
8. Be2 Bg4 9. Nc3 c6 10. Bg5 Nbd7 11. h3 Bh5 12. O-O O-O-O 13. Rfe1 Rhe8 14.
Nd2 Bxe2 15. Rxe2 Bf8 16. Rae1 Rxe2 17. Rxe2 d5 18. Nf3 Bd6 19. d4 h6 20. Bxf6
Nxf6 21. Ne5 Rf8 22. Kf1 Nd7 23. Nxd7 Kxd7 24. Nb1 a5 25. Ke1 a4 26. Kd1 b5 27.
Nd2 g6 28. c3 f6 29. Kc2 g5 30. Kd3 h5 31. Nf1 f5 32. f3 h4 33. Ne3 Rf6 34. Re1
Bg3 35. Re2 Bf4 36. Re1 Re6 37. Re2 Rf6 38. Re1 Bg3 39. Re2 Rf8 40. Kd2 Bd6 41.
Kd3 1/2-1/2

[Event "Bulgaria ch 2012"]
[Site "Panagyurishte BUL"]
[Date "2012.04.28"]
[Round "11.5"]
[White "Rusev, Krasimir"]
[Black "Delchev, Aleksander"]
[Result "1-0"]
[WhiteElo "2516"]
[BlackElo "2622"]
[PlyCount "99"]
[EventDate "2012.04.18"]
[EventType "tourn"]
[EventRounds "11"]
[EventCountry "BUL"]
[EventCategory "11"]
[Source "lmi"]
[SourceDate "2012.04.18"]

1. d4 Nf6 2. c4 g6 3. Nc3 d5 4. Nf3 Bg7 5. Bf4 O-O 6. e3 c5 7. dxc5 Ne4 8. Rc1
Nxc3 9. bxc3 dxc4 10. Qxd8 Rxd8 11. Bxc4 Nd7 12. Rd1 Rf8 13. Bg5 Bxc3+ 14. Ke2
Bf6 15. Bxf6 Nxf6 16. Ne5 Bf5 17. c6 bxc6 18. Nxc6 Rfe8 19. Ne5 Rf8 20. Nc6
Rfe8 21. Ne5 Rf8 22. f3 Rac8 23. Rc1 Kg7 24. e4 Nd7 25. Nd3 Nb6 26. Ba6 Rxc1
27. Rxc1 Be6 28. Rc7 Bxa2 29. Rxe7 Ra8 30. Ne5 Be6 31. Rc7 g5 32. g3 Kf8 33. f4
gxf4 34. gxf4 f6 35. Nc6 Bc8 36. Bb7 Bxb7 37. Rxb7 Re8 38. Kd3 f5 39. exf5 Nd5
40. Rxh7 Nxf4+ 41. Kd4 Ne2+ 42. Kc5 Re3 43. f6 Nf4 44. Kd4 Rh3 45. Rxh3 Nxh3
46. Ke5 Ng5 47. Kf5 Nf3 48. Kf4 Nxh2 49. Ne5 Nf1 50. Kf5 1-0

[Event "Bulgaria ch 2012"]
[Site "Panagyurishte BUL"]
[Date "2012.04.28"]
[Round "11.6"]
[White "Nikolov, Momchil"]
[Black "Milchev, Nikolay"]
[Result "1-0"]
[WhiteElo "2550"]
[BlackElo "2421"]
[PlyCount "67"]
[EventDate "2012.04.18"]
[EventType "tourn"]
[EventRounds "11"]
[EventCountry "BUL"]
[EventCategory "11"]
[Source "lmi"]
[SourceDate "2012.04.18"]

1. d4 c5 2. d5 e6 3. c4 exd5 4. cxd5 d6 5. Nc3 g6 6. Nf3 Bg7 7. Bf4 Ne7 8. Qa4+
Bd7 9. Qb3 Qc7 10. Nd2 Nf5 11. e3 O-O 12. Bd3 Na6 13. a3 Rad8 14. O-O Rfe8 15.
Nc4 Bf8 16. Ne4 Rxe4 17. Bxe4 b5 18. Bxf5 gxf5 19. Nd2 c4 20. Qc2 Nc5 21. b3
Qb7 22. bxc4 bxc4 23. Nxc4 Qxd5 24. Rad1 Qe6 25. Nxd6 Na4 26. Qxf5 Ra8 27. Qd5
Nb6 28. Qg5+ Bg7 29. e4 h6 30. Qh4 Qg6 31. Rd3 h5 32. Nf5 Bxf5 33. exf5 Qxf5
34. Rg3 1-0